Popular TV Sitcoms Casts - Statistics

General Stats
  • This quiz has been taken 94 times
  • The average score is 8 of 16
Answer Stats
Picture Answer % Correct
Friends
100%
The Fresh Prince of Bel-Air
80%
Everybody Loves Raymond
69%
Frasier
66%
That '70s Show
63%
Saved by the Bell
60%
The Nanny
60%
Home Improvement
57%
Sister Sister
51%
Boy Meets World
45%
Martin
36%
Blossom
34%
Moesha
31%
7th Heaven
20%
Step by Step
20%
Living Single
17%
No matching quizzes found
Score Distribution
Percent of People with Each Score
Percentile by Number Answered
Your Score History
You have not taken this quiz